[Event "XIII Festival A"]
[Site "Campobasso ITA"]
[Date "2006.07.21"]
[Round "1"]
[White "Bove, Alessandro"]
[Black "Messina, Roberta"]
[Result "1-0"]
[WhiteElo "2097"]
[BlackElo "1859"]
[PlyCount "51"]
[EventDate "2006.07.21"]

1. e4 c5 2. f4 e6 3. Nf3 d6 4. c3 Nf6 5. d3 a6 6. g3 b5 7. Bg2 Bb7 8. Qe2 Qc7
9. Nbd2 Nbd7 10. O-O Be7 11. h3 e5 12. fxe5 dxe5 13. Nh4 Nb6 14. Nf5 O-O 15.
Nf3 c4 16. N3h4 cxd3 17. Qxd3 Bc5+ 18. Kh2 Rad8 19. Qe2 Nc4 20. Bg5 Kh8 21.
Nxg7 Nxe4 22. Bxe4 Bxe4 23. Qxe4 Nd2 24. Qf5 Nxf1+ 25. Rxf1 Rde8 26. Qf6 1-0

[Event "XIII Festival A"]
[Site "Campobasso ITA"]
[Date "2006.07.21"]
[Round "1"]
[White "Canelli, Daniele"]
[Black "Madan, Augustin"]
[Result "0-1"]
[WhiteElo "2066"]
[BlackElo "2411"]
[PlyCount "76"]
[EventDate "2006.07.21"]

1. d4 Nf6 2. c4 e6 3. a3 b6 4. Nc3 Bb7 5. Bf4 d6 6. f3 Nh5 7. Be3 f5 8. Bf2 f4
9. e3 fxe3 10. Bxe3 Be7 11. d5 e5 12. Bd3 O-O 13. Qd2 Nd7 14. Nge2 Bh4+ 15. Kd1
a6 16. Bc2 g6 17. g3 Bf6 18. h4 Bg7 19. Rf1 Ndf6 20. Bg5 Qd7 21. Rh1 b5 22. g4
Nf4 23. Nxf4 exf4 24. h5 Nxg4 25. fxg4 Qxg4+ 26. Kc1 Qxg5 27. hxg6 h6 28. cxb5
Qf6 29. Kb1 axb5 30. Bb3 b4 31. axb4 f3 32. Ra5 f2 33. Rf1 Rxa5 34. bxa5 Ba6
35. Ne2 Qe5 36. Bd1 Rb8 37. Nc3 Bxf1 38. Qxf2 Qxc3 0-1

[Event "XIII Festival A"]
[Site "Campobasso ITA"]
[Date "2006.07.21"]
[Round "1"]
[White "Cappai, Davide"]
[Black "Iordachescu, Viorel"]
[Result "0-1"]
[WhiteElo "2092"]
[BlackElo "2603"]
[PlyCount "81"]
[EventDate "2006.07.21"]

1. e4 g6 2. Nf3 Bg7 3. Nc3 c6 4. d4 d5 5. exd5 cxd5 6. Bf4 a6 7. Qd2 Nc6 8. Ne5
Nf6 9. Be2 Bf5 10. g4 Be6 11. Nxc6 bxc6 12. Be5 Kf8 13. Rg1 h5 14. Bxf6 Bxf6
15. g5 Bg7 16. Na4 Bf5 17. f4 a5 18. c3 Kg8 19. O-O-O e6 20. Bd3 Bxd3 21. Qxd3
Bf8 22. Nc5 Kh7 23. Rgf1 a4 24. Rde1 Bxc5 25. dxc5 Ra5 26. Qd4 Rg8 27. h4 Qf8
28. f5 gxf5 29. Qd1 Kg6 30. Qd4 Qg7 31. Qf4 Kh7 32. Re5 Rxc5 33. Rxf5 exf5 34.
Qxf5+ Kh8 35. Qd7 a3 36. Rf6 axb2+ 37. Kb1 Qh7+ 38. g6 Rxg6 39. Rf5 Rg8 40.
Kxb2 Rb5+ 41. Kc2 0-1

[Event "XIII Festival A"]
[Site "Campobasso ITA"]
[Date "2006.07.21"]
[Round "1"]
[White "Del Dotto, Riccardo"]
[Black "Bottega, Antonio"]
[Result "1-0"]
[WhiteElo "2180"]
[BlackElo "1967"]
[PlyCount "65"]
[EventDate "2006.07.21"]

1. e4 d6 2. d4 Nf6 3. Nc3 c6 4. g3 g6 5. Bg2 Bg7 6. Nge2 O-O 7. h3 e5 8. Be3
Nbd7 9. a4 a5 10. O-O h6 11. g4 Re8 12. Ng3 Nf8 13. Qd2 Kh7 14. Rad1 Qc7 15. f4
Ng8 16. Qf2 exd4 17. Bxd4 Bxd4 18. Qxd4 Ne6 19. Qf2 Ra6 20. b3 Rd8 21. f5 Ng7
22. Rd4 Rb6 23. Rc4 Ra6 24. Rd1 Qb6 25. Rcd4 Qc5 26. Rxd6 Qxd6 27. Rxd6 Rxd6
28. e5 Rd8 29. e6 fxe6 30. fxg6+ Kh8 31. Nh5 Rd7 32. Qf8 Ra8 33. Nf6 1-0

[Event "XIII Festival A"]
[Site "Campobasso ITA"]
[Date "2006.07.21"]
[Round "1"]
[White "Di Lascio, Savino"]
[Black "Vuelban, Virgilio"]
[Result "0-1"]
[WhiteElo "2048"]
[BlackElo "2312"]
[PlyCount "97"]
[EventDate "2006.07.21"]

1. Nf3 Nf6 2. g3 g6 3. Bg2 Bg7 4. d3 d6 5. e4 c5 6. O-O Nc6 7. c3 Bg4 8. h3
Bxf3 9. Qxf3 O-O 10. Nd2 Nd7 11. Qe2 Rc8 12. Re1 b5 13. Nf1 b4 14. Bd2 bxc3 15.
bxc3 Qa5 16. Rec1 Qa6 17. Ne3 Rb8 18. Bf1 Rb2 19. Rc2 Rfb8 20. Bc1 R2b7 21. Qd2
Qa4 22. Nc4 Nb6 23. Nb2 Qa5 24. a4 Nd7 25. Nc4 Qc7 26. Raa2 Na5 27. Nxa5 Qxa5
28. d4 Rb1 29. Bb5 Nf6 30. Qe2 Bh6 31. f4 cxd4 32. cxd4 Qb6 33. Kh2 Qxd4 34.
Rc4 Qb6 35. Qc2 Rxc1 36. Qxc1 e5 37. Rc8+ Kg7 38. Rxb8 Qxb8 39. Qe3 d5 40. exd5
exf4 41. Qd4 fxg3+ 42. Kg2 Bf4 43. Re2 Qd6 44. Re4 g5 45. Re2 h5 46. Bc6 a5 47.
Re1 h4 48. Qc3 Qc7 49. Qa1 0-1

[Event "XIII Festival A"]
[Site "Campobasso ITA"]
[Date "2006.07.21"]
[Round "1"]
[White "Grasso, Nino"]
[Black "Rossi, Aldo A."]
[Result "0-1"]
[WhiteElo "1972"]
[BlackElo "2211"]
[PlyCount "90"]
[EventDate "2006.07.21"]

1. e4 d6 2. d4 Nf6 3. Nc3 Nbd7 4. f4 e5 5. Nf3 c6 6. dxe5 dxe5 7. Nxe5 Nxe5 8.
Qxd8+ Kxd8 9. fxe5 Ng4 10. Bf4 Bc5 11. O-O-O+ Ke8 12. Bg3 Bf2 13. Rd3 Bxg3 14.
Rxg3 g6 15. Be2 Nxe5 16. Rf1 Ke7 17. Na4 b6 18. b3 Be6 19. Nb2 Rad8 20. Nd3
Nxd3+ 21. Rxd3 Rxd3 22. Bxd3 f6 23. a4 Rd8 24. Kd2 c5 25. Ke3 Rd4 26. h3 Rb4
27. Ra1 a5 28. c3 Rxb3 29. Rb1 Rxb1 30. Bxb1 Bb3 31. Kd3 Bxa4 32. Ba2 Bc6 33.
Bg8 b5 34. h4 h6 35. g3 Kd6 36. c4 b4 37. Bf7 g5 38. hxg5 hxg5 39. Bd5 Bd7 40.
Kc2 Ke5 41. Kd3 Be8 42. Bb7 Bg6 43. Bd5 a4 44. Bc6 a3 45. Kc2 Bxe4+ 0-1

[Event "XIII Festival A"]
[Site "Campobasso ITA"]
[Date "2006.07.21"]
[Round "1"]
[White "Lagumina, Giulio"]
[Black "Frontini, Yuri Diego"]
[Result "1-0"]
[WhiteElo "2315"]
[BlackElo "2055"]
[PlyCount "55"]
[EventDate "2006.07.21"]

1. e4 g6 2. d4 Bg7 3. Nc3 c6 4. f4 d5 5. e5 h5 6. Nf3 Bg4 7. Be3 Nh6 8. Be2 Nf5
9. Bf2 e6 10. g3 h4 11. Rg1 hxg3 12. hxg3 Nd7 13. Ng5 Bxe2 14. Qxe2 Qe7 15. g4
Nh6 16. Bh4 Qb4 17. O-O-O O-O-O 18. Qd3 Rdg8 19. a3 Qc4 20. Qxc4 dxc4 21. Nce4
Bf8 22. Be1 Kd8 23. Kd2 Be7 24. Ke3 Nb6 25. Ba5 Ke8 26. Bxb6 axb6 27. Kf3 Kf8
28. Nf6 1-0

[Event "XIII Festival A"]
[Site "Campobasso ITA"]
[Date "2006.07.21"]
[Round "1"]
[White "Ljubisavljevic, Zivojin Z."]
[Black "Granaldi, Alessandro"]
[Result "1-0"]
[WhiteElo "2290"]
[BlackElo "1995"]
[PlyCount "87"]
[EventDate "2006.07.21"]

1. Nf3 Nf6 2. b3 d6 3. Bb2 e5 4. e3 g6 5. c4 Bg7 6. d4 exd4 7. Nxd4 O-O 8. Nc3
Bd7 9. Be2 Nc6 10. Bf3 Re8 11. O-O Ne5 12. Bxb7 Rb8 13. Bf3 Nxc4 14. bxc4 Rxb2
15. Nb3 Bf5 16. Nd4 Bd7 17. Rb1 Qb8 18. Rxb2 Qxb2 19. Qb3 Rb8 20. Ncb5 Qxb3 21.
axb3 Bxb5 22. cxb5 Nd7 23. Be2 Bxd4 24. exd4 Re8 25. Bf3 Nf8 26. Bc6 Re2 27. d5
Rb2 28. h4 Rxb3 29. Ra1 h5 30. Rxa7 Nh7 31. Rxc7 Nf6 32. f3 Kg7 33. Rc8 Nxd5
34. Bxd5 Rxb5 35. Bc4 Re5 36. Kf2 g5 37. Rc7 d5 38. Rc5 gxh4 39. Rxd5 Rxd5 40.
Bxd5 Kg6 41. Ke3 h3 42. gxh3 Kf6 43. Kf4 Kg6 44. Be4+ 1-0

[Event "XIII Festival A"]
[Site "Campobasso ITA"]
[Date "2006.07.21"]
[Round "1"]
[White "Miladinovic, Igor"]
[Black "Petruccioli, Antonio"]
[Result "1-0"]
[WhiteElo "2584"]
[BlackElo "2083"]
[PlyCount "133"]
[EventDate "2006.07.21"]

1. d4 d5 2. Bg5 c6 3. Nf3 Qb6 4. Qc1 Bf5 5. e3 h6 6. Bh4 Nd7 7. c4 Ngf6 8. Nc3
e6 9. Be2 Bb4 10. O-O Qa5 11. Nd2 O-O 12. Nb3 Qd8 13. c5 Bxc3 14. bxc3 e5 15.
Rd1 Re8 16. c4 g5 17. Bg3 exd4 18. Nxd4 Bg6 19. cxd5 Nxd5 20. Bd3 Bxd3 21. Rxd3
Ne5 22. Rb3 Qd7 23. Rab1 b5 24. cxb6 axb6 25. Bxe5 Rxe5 26. Qxc6 Qxc6 27. Nxc6
Re4 28. Rd3 Nf6 29. Nb4 Kg7 30. f3 Rc4 31. Kf2 Ra4 32. a3 Rc5 33. e4 Ne8 34.
Nd5 Rc2+ 35. Kf1 Ra2 36. Ne3 R4xa3 37. Nf5+ Kh7 38. Rxa3 Rxa3 39. Rxb6 Nc7 40.
Rxh6+ Kg8 41. Nd4 Ne8 42. Rc6 Ng7 43. Rc5 f6 44. Rc8+ Kf7 45. Rc7+ Kf8 46. g4
Ra2 47. Rc2 Ra4 48. Rd2 Ne8 49. Nf5 Ra7 50. Kf2 Nc7 51. Rd8+ Kf7 52. Rd7+ Ke8
53. Re7+ Kd8 54. Kg3 Ra6 55. Rf7 Nb5 56. h4 Nc3 57. h5 Ne2+ 58. Kf2 Nf4 59. h6
Ra2+ 60. Ke3 Ra3+ 61. Kd2 Rd3+ 62. Kc2 Rd7 63. h7 Rxf7 64. h8=Q+ Kc7 65. Qa8
Rd7 66. Nd4 Rd6 67. Nb5+ 1-0

[Event "XIII Festival A"]
[Site "Campobasso ITA"]
[Date "2006.07.21"]
[Round "1"]
[White "Mrdja, Milan"]
[Black "Scipioni, Gaetano"]
[Result "1-0"]
[WhiteElo "2414"]
[BlackElo "2070"]
[PlyCount "59"]
[EventDate "2006.07.21"]

1. e4 d6 2. d4 Nf6 3. Bd3 e5 4. c3 Be7 5. Nf3 Bg4 6. h3 Bxf3 7. Qxf3 Nbd7 8.
O-O O-O 9. Nd2 h6 10. Nc4 Kh8 11. Ne3 Nh7 12. Nf5 Bg5 13. Qg3 Qf6 14. f4 exf4
15. Bxf4 Qg6 16. Rae1 Bxf4 17. Qxf4 Qg5 18. Qf2 g6 19. h4 Qf6 20. Nxh6 Qxf2+
21. Rxf2 Kg7 22. Ng4 Rae8 23. Ref1 a5 24. g3 c6 25. Kg2 Re6 26. Rf4 g5 27. Rf5
gxh4 28. gxh4 Ndf6 29. Nxf6 Rxf6 30. Rxa5 1-0

[Event "XIII Festival A"]
[Site "Campobasso ITA"]
[Date "2006.07.21"]
[Round "1"]
[White "Palladino, Andrea"]
[Black "Scerbo, Antonio"]
[Result "0-1"]
[WhiteElo "1874"]
[BlackElo "2109"]
[PlyCount "64"]
[EventDate "2006.07.21"]

1. e4 c5 2. Nf3 Nc6 3. d4 cxd4 4. Nxd4 Nf6 5. Nc3 e5 6. Ndb5 d6 7. Bg5 a6 8.
Na3 b5 9. Bxf6 gxf6 10. Nd5 Bg7 11. c3 Ne7 12. Nxe7 Qxe7 13. Nc2 f5 14. Bd3 f4
15. a4 bxa4 16. Nb4 O-O 17. Rxa4 a5 18. Nd5 Qg5 19. Rg1 Bd7 20. Ra2 Bc6 21. Bc4
Kh8 22. b3 f5 23. exf5 Rxf5 24. f3 Re8 25. Re2 a4 26. bxa4 Qh4+ 27. Kf1 e4 28.
Rxe4 Rfe5 29. Qc2 Qh5 30. Nxf4 Bxe4 31. fxe4 Qxh2 32. Ne2 Rxe4 0-1

[Event "XIII Festival A"]
[Site "Campobasso ITA"]
[Date "2006.07.21"]
[Round "1"]
[White "Quimi, Marco"]
[Black "Vincenzi, Marco"]
[Result "0-1"]
[WhiteElo "2305"]
[BlackElo "2026"]
[PlyCount "92"]
[EventDate "2006.07.21"]

1. e4 c5 2. Nf3 d6 3. Bc4 Nc6 4. O-O Nf6 5. Re1 Bg4 6. h3 Bxf3 7. Qxf3 e6 8. c3
Be7 9. Qd1 Nxe4 10. Bxe6 fxe6 11. Rxe4 O-O 12. d3 Bh4 13. g3 Ne5 14. Nd2 Bg5
15. f4 Nxd3 16. Qe2 Nxf4 17. gxf4 Bxf4 18. Nf3 Bxc1 19. Rxe6 Rxf3 20. Qxf3 Qg5+
21. Qg2 Qxg2+ 22. Kxg2 Bxb2 23. Rb1 Bxc3 24. Rxb7 Be5 25. Ree7 a5 26. Kf3 h5
27. Ra7 Rf8+ 28. Ke2 Bc3 29. Red7 Re8+ 30. Kd3 Bd4 31. Rxa5 Re3+ 32. Kc4 Rxh3
33. Ra8+ Kh7 34. a4 Rc3+ 35. Kd5 h4 36. a5 h3 37. Rdd8 Be5 38. a6 h2 39. Rh8+
Kg6 40. a7 Rc1 41. Kc6 Ra1 42. Kb7 h1=Q+ 43. Rxh1 Rxh1 44. Rc8 Ra1 45. a8=Q
Rxa8 46. Rxa8 Kg5 0-1

[Event "XIII Festival A"]
[Site "Campobasso ITA"]
[Date "2006.07.21"]
[Round "1"]
[White "Rosato, Luciano"]
[Black "Stoyko, Maksym"]
[Result "1-0"]
[WhiteElo "2215"]
[BlackElo "1978"]
[PlyCount "89"]
[EventDate "2006.07.21"]

1. Nf3 Nf6 2. g3 g6 3. Bg2 Bg7 4. O-O d5 5. d3 O-O 6. Nbd2 c5 7. c3 Nc6 8. e4
e5 9. Re1 Re8 10. Qc2 h6 11. Nf1 Be6 12. b3 d4 13. c4 Nd7 14. Nh4 a6 15. a3 Rc8
16. Bd2 b5 17. h3 Kh7 18. Qd1 Bf6 19. Nf3 Nb6 20. Rc1 bxc4 21. bxc4 Qd7 22. Kh2
Ne7 23. Qc2 Qa4 24. g4 Bd7 25. Qa2 Nc6 26. Rb1 Rb8 27. Ng3 Na8 28. Rxb8 Rxb8
29. Rb1 Nb6 30. Bf1 Nd8 31. Be2 Be8 32. Bd1 Qc6 33. Ba5 Rb7 34. Bxb6 Rxb6 35.
Ba4 Qxa4 36. Rxb6 Kg7 37. Qb3 Qa5 38. Rxf6 Kxf6 39. Qb8 Ke7 40. Qxe5+ Ne6 41.
Ne2 Qxa3 42. Nf4 Bd7 43. Nd5+ Ke8 44. Qh8+ Nf8 45. Qf6 1-0

[Event "XIII Festival A"]
[Site "Campobasso ITA"]
[Date "2006.07.21"]
[Round "1"]
[White "Sabia, Corrado"]
[Black "Panella, Fiammetta"]
[Result "1-0"]
[WhiteElo "2146"]
[BlackElo "1954"]
[PlyCount "63"]
[EventDate "2006.07.21"]

1. e4 c5 2. Nf3 e6 3. Nc3 a6 4. d4 cxd4 5. Nxd4 Qc7 6. g3 Nf6 7. Bg2 Be7 8. O-O
d6 9. a4 O-O 10. Be3 Nc6 11. Nb3 Ne5 12. Nd2 Bd7 13. a5 Bc6 14. f4 Ned7 15. g4
Ne8 16. Nb3 b5 17. axb6 Nxb6 18. Na5 Bb5 19. Rf3 Rc8 20. Rh3 g6 21. Kh1 Nd7 22.
Bd4 d5 23. Nxb5 axb5 24. Rc3 Qb8 25. Nc6 Rxc6 26. Rxc6 dxe4 27. Ba7 Qb7 28.
Bxe4 Nef6 29. Bg2 Nd5 30. Bxd5 exd5 31. Qxd5 Ra8 32. Rxg6+ 1-0

[Event "XIII Festival A"]
[Site "Campobasso ITA"]
[Date "2006.07.21"]
[Round "1"]
[White "Santurbano, Maria Vincenza"]
[Black "Capuano, Eugenio"]
[Result "1/2-1/2"]
[WhiteElo "1985"]
[BlackElo "2255"]
[PlyCount "72"]
[EventDate "2006.07.21"]

1. e4 c5 2. Nf3 Nc6 3. d4 cxd4 4. Nxd4 Nf6 5. Nc3 e5 6. Ndb5 d6 7. Bg5 a6 8.
Na3 b5 9. Bxf6 gxf6 10. Nd5 f5 11. Bxb5 axb5 12. Nxb5 Ra4 13. b4 Rxb4 14. Nbc7+
Kd7 15. O-O Rxe4 16. Qh5 Ne7 17. Qxf7 Kc6 18. Rfb1 Nxd5 19. Nxd5 Qd7 20. Qf6
Rg8 21. Nb4+ Kb5 22. Nd3+ Kc6 23. Rb8 Kc7 24. Ra8 Qe6 25. Ra7+ Kb6 26. Rb1+
Kxa7 27. Qd8 d5 28. Qc7+ Ka6 29. Qb8 Qc6 30. Nxe5 Rxe5 31. Qxe5 Bb7 32. Qe2+
Ka7 33. Rb5 Bc5 34. Ra5+ Kb6 35. Ra4 Qxa4 36. Qe6+ Qc6 1/2-1/2

[Event "XIII Festival A"]
[Site "Campobasso ITA"]
[Date "2006.07.21"]
[Round "1"]
[White "Scagliarini, Bruno"]
[Black "Ficco, Corrado"]
[Result "0-1"]
[WhiteElo "1956"]
[BlackElo "2165"]
[PlyCount "102"]
[EventDate "2006.07.21"]

1. c4 Nf6 2. g3 e5 3. Bg2 c6 4. d4 exd4 5. Qxd4 d5 6. Bg5 Be7 7. cxd5 cxd5 8.
Nc3 Nc6 9. Qa4 O-O 10. Nf3 Be6 11. O-O Qb6 12. Qb5 d4 13. Qxb6 axb6 14. Nb5
Rad8 15. Rfd1 Bc5 16. a3 Bc4 17. b4 Bxe2 18. Rd2 Bxb5 19. bxc5 bxc5 20. Rb1 Ba6
21. Rc1 c4 22. Bf1 d3 23. Rdd1 Rd5 24. Bxf6 gxf6 25. Nd2 Na5 26. Rc3 Re8 27.
Bg2 Rde5 28. Kf1 f5 29. Bf3 Kg7 30. Rb1 R8e7 31. Rb4 Rc7 32. Rb6 Rcc5 33. a4
Re6 34. Rb4 Nc6 35. Rb1 Na5 36. Rb4 Kf8 37. Kg2 Ke7 38. Rb2 Kd6 39. Rb6+ Kd7
40. Rb1 Kc7 41. Rbc1 b6 42. Rb1 Bb7 43. Rbc1 Re2 44. Bxb7 Rxd2 45. Bf3 Nb3 46.
Re1 Re2 47. Rd1 Rc2 48. Rxb3 cxb3 49. Rxd3 b2 50. Rb3 R5c3 51. Rb4 Rd2 0-1

[Event "XIII Festival A"]
[Site "Campobasso ITA"]
[Date "2006.07.21"]
[Round "1"]
[White "Voiska, Margarita"]
[Black "Cordi', Domenico"]
[Result "0-1"]
[WhiteElo "2330"]
[BlackElo "2065"]
[PlyCount "66"]
[EventDate "2006.07.21"]

1. d4 Nf6 2. c4 c5 3. Nf3 cxd4 4. Nxd4 e6 5. Nc3 a6 6. g3 Bb4 7. Bg2 O-O 8. O-O
d5 9. cxd5 Bxc3 10. bxc3 Nxd5 11. Bb2 Nb6 12. Qb3 e5 13. Nf3 Be6 14. Qc2 Nc4
15. Bc1 h6 16. Rb1 Qc7 17. g4 Bxg4 18. Rxb7 Qxb7 19. Ng5 e4 20. Bxe4 Qe7 21.
Qa4 hxg5 22. Bxa8 Be6 23. Be4 Rd8 24. Bd3 Qc5 25. Rd1 g6 26. Bxc4 Rxd1+ 27.
Qxd1 Bxc4 28. Qd8+ Qf8 29. Qc7 Bxe2 30. Bxg5 Qe8 31. Be3 Nc6 32. Qf4 Qe5 33.
Qh4 Qh5 0-1

[Event "XIII Festival A"]
[Site "Campobasso ITA"]
[Date "2006.07.21"]
[Round "2"]
[White "Bottega, Antonio"]
[Black "Canelli, Daniele"]
[Result "1-0"]
[WhiteElo "1967"]
[BlackElo "2066"]
[PlyCount "67"]
[EventDate "2006.07.21"]

1. d4 Nf6 2. Nf3 e6 3. e3 d5 4. Bd3 c5 5. c3 c4 6. Bc2 Bd6 7. Nbd2 Nc6 8. Qe2
Bc7 9. e4 O-O 10. e5 Ne4 11. Nxe4 dxe4 12. Qxe4 g6 13. Bh6 Re8 14. h4 f5 15.
exf6 Qxf6 16. Bg5 Qf7 17. O-O-O e5 18. d5 Bf5 19. Qe2 Bxc2 20. Qxc2 Na5 21. d6
Bd8 22. Kb1 Bf6 23. Qe4 Nc6 24. Bxf6 Qxf6 25. Qxc4+ Kg7 26. Qb5 Qf5+ 27. Ka1
Qd7 28. Ng5 h6 29. Ne4 b6 30. g4 Nb8 31. Qd5 Na6 32. g5 hxg5 33. hxg5 Rh8 34.
Qxe5+ 1-0

[Event "XIII Festival A"]
[Site "Campobasso ITA"]
[Date "2006.07.21"]
[Round "2"]
[White "Capuano, Eugenio"]
[Black "Voiska, Margarita"]
[Result "0-1"]
[WhiteElo "2255"]
[BlackElo "2330"]
[PlyCount "68"]
[EventDate "2006.07.21"]

1. d4 e6 2. c4 Nf6 3. Nf3 Bb4+ 4. Nbd2 d5 5. e3 O-O 6. a3 Be7 7. Bd3 b6 8. O-O
Bb7 9. b4 a5 10. b5 Nbd7 11. Bb2 Ne4 12. cxd5 exd5 13. Qc2 Ndf6 14. Ne5 Nxd2
15. Qxd2 Bd6 16. Qc2 Qe7 17. a4 g6 18. f3 Nd7 19. Nxd7 Qxd7 20. e4 c5 21. e5
Be7 22. f4 Rac8 23. f5 Bg5 24. Qf2 Qc7 25. Bc1 Qd8 26. f6 Bxc1 27. Raxc1 cxd4
28. Qxd4 Rxc1 29. Rxc1 Qb8 30. Re1 Qc7 31. Qh4 Qc5+ 32. Kh1 Qc3 33. Bb1 Re8 34.
Rf1 Qxe5 0-1

[Event "XIII Festival A"]
[Site "Campobasso ITA"]
[Date "2006.07.21"]
[Round "2"]
[White "Cordi', Domenico"]
[Black "Ljubisavljevic, Zivojin Z."]
[Result "0-1"]
[WhiteElo "2065"]
[BlackElo "2290"]
[PlyCount "96"]
[EventDate "2006.07.21"]

1. e4 g6 2. d4 Bg7 3. Nf3 d6 4. h3 c5 5. Nc3 cxd4 6. Nxd4 Nc6 7. Be3 Nf6 8. Be2
O-O 9. O-O Nxd4 10. Bxd4 Be6 11. Qd2 a6 12. a4 Rc8 13. Rfd1 Re8 14. a5 Nd7 15.
Bxg7 Kxg7 16. Qd4+ f6 17. f4 Qc7 18. Bf3 Qc5 19. Qxc5 Rxc5 20. Rd4 g5 21. Rb4
Rb8 22. f5 Bf7 23. Be2 Rc7 24. Kf2 h5 25. g3 h4 26. g4 Rbc8 27. Ke3 Kf8 28. Rd1
Rxc3+ 29. bxc3 Rxc3+ 30. Bd3 Rc7 31. Rdb1 Nc5 32. Bc4 Bxc4 33. Rxc4 Ke8 34.
Rcb4 Kd7 35. c4 Kc8 36. Kd4 Nd7 37. Kd5 Rc5+ 38. Kd4 Rc7 39. Kd5 Ne5 40. Ke6
Nc6 41. Ra4 Nd4+ 42. Kd5 Ne2 43. Rb3 Kd7 44. e5 Rc5+ 45. Ke4 Rxe5+ 46. Kd3 Nc1+
47. Kc2 Nxb3 48. Kxb3 Re3+ 0-1

[Event "XIII Festival A"]
[Site "Campobasso ITA"]
[Date "2006.07.21"]
[Round "2"]
[White "Corvi, Marco"]
[Black "Sabia, Corrado"]
[Result "1-0"]
[WhiteElo "2318"]
[BlackElo "2146"]
[PlyCount "89"]
[EventDate "2006.07.21"]

1. c4 e5 2. Nc3 Nf6 3. Nf3 Nc6 4. e3 d5 5. cxd5 Nxd5 6. Bb5 Nxc3 7. bxc3 e4 8.
Ne5 Bd7 9. Nxd7 Qxd7 10. Qa4 Qd5 11. O-O Bd6 12. f3 exf3 13. Rxf3 O-O 14. d4
Qh5 15. Rh3 Qg4 16. Qc2 g6 17. e4 f5 18. Bh6 fxe4 19. Bxf8 Rxf8 20. Be2 Qe6 21.
Qb3 Qxb3 22. axb3 Bf4 23. Bc4+ Kg7 24. Bd5 Re8 25. Re1 e3 26. Rf3 Ne7 27. Bxb7
Bh6 28. Be4 Nc8 29. Bc6 Re7 30. g4 Bg5 31. h4 Bxh4 32. Rexe3 h5 33. gxh5 gxh5
34. Be8 Kh6 35. Rxe7 Nxe7 36. Re3 Bf6 37. Re6 Kg5 38. Kf1 h4 39. Bc6 Kf5 40.
Bd7 Kg5 41. Ra6 c5 42. dxc5 Bxc3 43. c6 Nd5 44. Rxa7 Be5 45. Ra5 1-0

[Event "XIII Festival A"]
[Site "Campobasso ITA"]
[Date "2006.07.21"]
[Round "2"]
[White "Ficco, Corrado"]
[Black "Mrdja, Milan"]
[Result "0-1"]
[WhiteElo "2165"]
[BlackElo "2414"]
[PlyCount "96"]
[EventDate "2006.07.21"]

1. c4 e5 2. Nc3 Nc6 3. Nf3 Nf6 4. d4 e4 5. Nd2 Bb4 6. e3 O-O 7. Be2 Bxc3 8.
bxc3 d6 9. O-O Bf5 10. f3 Qd7 11. fxe4 Nxe4 12. Nxe4 Bxe4 13. Bd3 Rae8 14. Rb1
b6 15. Rb2 Bxd3 16. Qxd3 Na5 17. Rf4 f6 18. Rbf2 Qf7 19. c5 dxc5 20. dxc5 Qe6
21. cxb6 axb6 22. Rd4 Nc6 23. Rh4 f5 24. Qc4 Ne5 25. Qxe6+ Rxe6 26. Rd4 g6 27.
h3 c5 28. Rd5 Rfe8 29. a4 Nc4 30. Ra2 f4 31. Bd2 fxe3 32. Be1 Rf8 33. Rd3 h5
34. Re2 Kg7 35. Rd7+ Kh6 36. Bg3 g5 37. h4 gxh4 38. Bxh4 Rf4 39. Bg3 Rfe4 40.
Rd8 Re8 41. Bf4+ Kg6 42. Rxe8 Rxe8 43. Kh2 Kf5 44. g3 h4 45. Kg2 Ke4 46. Re1
hxg3 47. Bxg3 Rg8 48. Rg1 Nd2 0-1

[Event "XIII Festival A"]
[Site "Campobasso ITA"]
[Date "2006.07.21"]
[Round "2"]
[White "Frontini, Yuri Diego"]
[Black "Palladino, Andrea"]
[Result "1/2-1/2"]
[WhiteElo "2055"]
[BlackElo "1874"]
[PlyCount "82"]
[EventDate "2006.07.21"]

1. d4 Nf6 2. c4 g6 3. Nc3 Bg7 4. e4 d6 5. Be2 O-O 6. Nf3 e5 7. O-O Nc6 8. d5
Ne7 9. b4 Ne8 10. Nd2 f5 11. Ba3 Nf6 12. f3 f4 13. c5 g5 14. b5 Ng6 15. Nc4 Ne8
16. Qb3 Rf7 17. b6 axb6 18. cxd6 cxd6 19. Rab1 h5 20. Nxb6 Rb8 21. Qa4 Bf8 22.
Qa7 Bd7 23. Bb5 Bxb5 24. Nxb5 Rg7 25. Kh1 g4 26. Nc4 Nh4 27. Qb6 Qg5 28. Rb2
gxf3 29. gxf3 Rc8 30. Nbxd6 Nxd6 31. Nxd6 Bxd6 32. Bxd6 Nxf3 33. Qf2 Rc3 34.
Rb3 Rxb3 35. axb3 Nd4 36. Rg1 Qf6 37. Bb8 Nxb3 38. Qc2 Rxg1+ 39. Kxg1 Qb6+ 40.
Kg2 f3+ 41. Kf1 Qb5+ 1/2-1/2

[Event "XIII Festival A"]
[Site "Campobasso ITA"]
[Date "2006.07.21"]
[Round "2"]
[White "Granaldi, Alessandro"]
[Black "Quimi, Marco"]
[Result "1/2-1/2"]
[WhiteElo "1995"]
[BlackElo "2305"]
[PlyCount "89"]
[EventDate "2006.07.21"]

1. e4 c5 2. Nf3 Nc6 3. c3 g6 4. d4 d6 5. dxc5 dxc5 6. Qxd8+ Nxd8 7. Be3 b6 8.
Bb5+ Bd7 9. Bxd7+ Kxd7 10. Na3 Bg7 11. Rd1+ Kc6 12. Nc4 f6 13. a4 Nh6 14. b4
Nb7 15. b5+ Kc7 16. Bf4+ e5 17. Nfxe5 fxe5 18. Nxe5 Raf8 19. Nxg6+ Rxf4 20.
Nxf4 Bxc3+ 21. Ke2 Kc8 22. Rd3 Be5 23. Nd5 Re8 24. f4 Bh8 25. Kf3 Nf7 26. Rc1
Nbd6 27. a5 Kb7 28. axb6 axb6 29. Re1 Rf8 30. Kg3 c4 31. Rde3 Rg8+ 32. Kf3 Nxb5
33. e5 Nd4+ 34. Ke4 Nc2 35. Rb1 Nxe3 36. Rxb6+ Ka7 37. Kxe3 Rd8 38. Rb5 Bg7 39.
Rc5 Nh6 40. Ke4 Bf8 41. Rxc4 Rd7 42. Rc7+ Rxc7 43. Nxc7 Kb7 44. Nd5 Kc6 45. g4
1/2-1/2

[Event "XIII Festival A"]
[Site "Campobasso ITA"]
[Date "2006.07.21"]
[Round "2"]
[White "Gromovs, Sergejs"]
[Black "Santurbano, Maria Vincenza"]
[Result "1-0"]
[WhiteElo "2314"]
[BlackElo "1985"]
[PlyCount "83"]
[EventDate "2006.07.21"]

1. d4 Nf6 2. Nf3 d6 3. c4 Nbd7 4. Nc3 e5 5. e4 c6 6. Be2 Be7 7. O-O O-O 8. Re1
Qc7 9. Bf1 a5 10. Bg5 Re8 11. Rc1 h6 12. Bh4 Nf8 13. h3 Nh5 14. Bxe7 Qxe7 15.
Na4 Nf4 16. Nb6 Ra7 17. c5 Nd7 18. Nxd7 Bxd7 19. cxd6 Qxd6 20. Nxe5 Raa8 21.
Qf3 Rxe5 22. dxe5 Qxe5 23. Qe3 Qg5 24. Rc5 Qe7 25. Rc3 Qg5 26. Kh2 Re8 27. Qd4
Nd5 28. Rg3 Qf6 29. e5 Qe6 30. f4 f5 31. Rd1 Qf7 32. Ra3 Qg6 33. Rxa5 Be6 34.
Bc4 b5 35. Be2 h5 36. h4 Qh6 37. g3 c5 38. Qf2 Rb8 39. Rxb5 Rc8 40. Bc4 Nxf4
41. Qxf4 Qxf4 42. Bxe6+ 1-0

[Event "XIII Festival A"]
[Site "Campobasso ITA"]
[Date "2006.07.21"]
[Round "2"]
[White "Iordachescu, Viorel"]
[Black "Rosato, Luciano"]
[Result "1-0"]
[WhiteElo "2603"]
[BlackElo "2215"]
[PlyCount "45"]
[EventDate "2006.07.21"]

1. e4 g6 2. d4 Bg7 3. Nc3 c6 4. h3 d6 5. f4 e5 6. dxe5 Qh4+ 7. Ke2 Bg4+ 8. hxg4
Qxh1 9. Nf3 dxe5 10. Qd6 Nd7 11. Nd1 O-O-O 12. Nf2 Qh6 13. g5 Bf8 14. Qxd7+
Rxd7 15. gxh6 exf4 16. Bxf4 Bxh6 17. Bh2 Bg7 18. g4 b6 19. g5 Kb7 20. Bh3 Re7
21. Rd1 f6 22. Rd8 b5 23. Bd6 1-0

[Event "XIII Festival A"]
[Site "Campobasso ITA"]
[Date "2006.07.21"]
[Round "2"]
[White "Madan, Augustin"]
[Black "Del Dotto, Riccardo"]
[Result "1-0"]
[WhiteElo "2411"]
[BlackElo "2180"]
[PlyCount "81"]
[EventDate "2006.07.21"]

1. d4 d5 2. Nf3 c6 3. e3 Bg4 4. b3 e6 5. Bb2 Nd7 6. Nbd2 f5 7. c4 Ngf6 8. Qc1
Bd6 9. Ba3 Qe7 10. Bxd6 Qxd6 11. Bd3 O-O 12. O-O e5 13. dxe5 Nxe5 14. Nxe5 Qxe5
15. Qc2 d4 16. Rae1 Rad8 17. b4 f4 18. exf4 Qxf4 19. c5 Kh8 20. a3 Rd5 21. f3
Rh5 22. g3 Qh6 23. Ne4 Bh3 24. Nxf6 Qxf6 25. Rf2 Bf5 26. Rfe2 Qg6 27. Rd1 Rg5
28. f4 Rh5 29. Bxf5 Rhxf5 30. Rxd4 Qg4 31. Re7 h5 32. Qe2 Qg6 33. Rd6 Qh7 34.
Rdd7 Rxf4 35. gxf4 Qg6+ 36. Qg2 Qb1+ 37. Qf1 Qg6+ 38. Kh1 Rf7 39. Rxf7 Qe4+ 40.
Kg1 Qe3+ 41. Qf2 1-0